The American mineralogist

Detalles Bibliográficos
Título anterior:Geological materials research
Autor Corporativo: Mineralogical Society of America
Formato: Electrónico Revista
Lenguaje:inglés
Publicado: [Washington, D.C.] : Mineralogical Society of America
Materias:
Acceso en línea:Full text available from Research Library: 10/01/2015 to 6 months ago

MARC

LEADER 00000nas a2200000 a 4500
001 ssj0022359
003 WaSeSS
005 20200512172242.0
006 m d
007 cr n
008 030724c19169999dcubx pss 0 a0eng c
010 |a  2005233145 
022 |a 1945-3027  |l 0003-004X  |y 0003-004X 
035 |a (WaSeSS)ssj0022359 
037 |b Mineralogical Society of America  |n http://www.minsocam.org/MSA/AmMin/subscription.html 
040 |a CNO  |b eng  |c CNO  |d OCLCQ  |d ZCU  |d DLC  |d GUA  |d GOSCI  |d CUS  |d NSD  |d OCLCQ  |d OCLCF  |d OCLCO  |d DLC  |d OCLCA  |d DLC  |d OCLCO  |d OCLCQ  |d WaSeSS 
042 |a pcc  |a nsdp 
050 0 0 |a QE351 
082 1 0 |a 549  |2 14 
130 0 |a American mineralogist (Online) 
210 0 |a Am. mineral  |b (Online) 
222 4 |a The American mineralogist  |b (Online) 
245 1 4 |a The American mineralogist  |h [electronic resource]. 
260 |a [Washington, D.C.] :  |b Mineralogical Society of America 
310 |a 8 times a year (12 issues, Feb.-Mar.; May-June; Aug.-Sept.; Nov.-Dec. publisehd combined),  |b 1999- 
321 |a Bimonthly,  |b <1972>-1998 
362 1 |a Print began with vol. 1, no. 1 (July 1916). 
506 |a License restrictions may limit access. 
538 |a Mode of access: World Wide Web. 
588 |a Description based on: Vol. 83, issue 1-2 (Feb. 1, 1998); title from contents screen (GeoScienceWorld, viewed July 28, 2005). 
588 |a Latest issue consulted: Volume 100, issue 4 (Apr. 2015) (degruyter journal website, viewed Apr. 13, 2015). 
650 0 |a Mineralogy  |v Periodicals. 
650 7 |a Mineralogy.  |2 fast  |0 (OCoLC)fst01022406 
655 0 |a Electronic journals. 
710 2 |a Mineralogical Society of America. 
776 1 |t American mineralogist  |x 0003-004X  |w (DLC) 19012811  |w (OCoLC)1480430 
780 1 5 |t Geological materials research  |x 1526-3339  |w (DLC)sn 99004359  |w (OCoLC)41577367 
850 |a DLC 
856 4 0 |z Full text available from Research Library: 10/01/2015 to 6 months ago  |u https://search.proquest.com/publication/4640